000 00802cam a22002291 4500
001 cd 37000022
003 DLC
005 20260227111147.0
008 750318||||| xx 000 0 eng
010 _acd 37000022
035 _a(OCoLC)1220900
040 _aDLC
_cMeB
_dDLC
050 0 0 _aQL1
_b.F4 vol. 20, no. 5
051 _aQL737.C5
_bS315
100 1 _aSanborn, Colin Campbell,
_d1897-1962.
245 1 0 _aBats of the genera Anoura and Lonchoglossa,
_cby Colin Campbell Sanborn...
500 _a(In Zoological series of Field Museum of Natural History. Chicago, 1933-1938. 24 cm. v. 20 [no. 5] p. [23]-27)
500 _aIn lower left corner: no. 323.
650 0 _aBats
810 2 _aChicago Natural History Museum.
_tPublications ;
_v323.
830 0 _aFieldiana: zoology ;
_vv. 20, no. 5.
999 _c18524
_d18524